000 00967 a2200265 4500
005 20190913105428.0
008 190913s2014 fr ||||| |||| 00| 0 fre d
020 _a9782228910286
040 _aCO-BoUCM
_bspa
_cSaul Niño
_dSaul Niño
041 0 _afre
100 1 0 _aVirgili, Fabrice
_998440
245 1 0 _aNaître ennemi
_bles enfants de couples franco-allemands nés pendant la seconde guerre mondiale
_cFabrice Virgili
260 _aParis
_bPayot
_c2014
300 _a478 páginas
490 0 _aPetite bibliothèque Payot
_v961
546 _aTexto en francés
650 7 _926509
_aHistoria de Europa
650 7 _916627
_aGuerra Mundial II, 1939 -1945
_xAspectos sociales
650 7 _920984
_aPadres e hijos
_zFrancia
650 7 _920984
_aPadres e hijos
_zAlemania
650 7 _924830
_aSoldados
_xAspectos sociales
650 7 _917119
_aIdentidad nacional
_xNiños
942 _cLIBRO
_2DEWEY
_a21
_e1
_h940
_mV816n
999 _c313511
_d313511